L'Espai dels infants, l'esplai de tothom : integració de nens i nenes amb discapacitats / [edició a cura de Vicenç Molina] integració de nens i nenes amb discapacitats / [edició a cura de Vicenç Molina]
Descripción Física:
72 p. ; 21 cm
MARC
| LEADER | 00000nam a2200000Ia 4500 | ||
|---|---|---|---|
| 001 | 14657 | ||
| 008 | 160829s2001 xx 000 0 cat d | ||
| 080 | |a E-1-219 | ||
| 245 | |a L'Espai dels infants, l'esplai de tothom : |b integració de nens i nenes amb discapacitats / [edició a cura de Vicenç Molina] | ||
| 260 | |a Barcelona : |b Moviment Laic i Progressista, |c 2001 | ||
| 300 | |a 72 p. ; |c 21 cm | ||
| 590 | |a Conté la Declaració Universal dels Drets dels Infants i la Convenció sobre els Drets del Infants. | ||
| 590 | |a A la part de darrera de la coberta: Diputació de Barcelona, Xarxa de Municipis; Fundació Francesc Ferrer i Guàrdia | ||
| 650 | 0 | |a Infants discapacitats |9 28889 | |
| 650 | 0 | |a Infants discapacitats |x Educació |9 28890 | |
| 650 | |a Drets dels infants |9 42217 | ||
| 700 | |a Molina, Vicenç |9 1693 | ||
| 700 | |a Moviment Laic i Progressista |9 28893 | ||
| 901 | |a Arxiu | ||
| 942 | |n 1 | ||
| 952 | |0 0 |1 0 |4 0 |6 E1219 |7 1 |9 44967 |a Arxiu |b Arxiu |d 2016-12-01 |l 0 |o E-1-219 |p 14657 |r 2016-12-01 00:00:00 |w 2016-12-01 |y ARXIU | ||
| 999 | |c 47566 |d 47566 | ||